Iranian places - sudden death - Statistics

General Stats
  • This quiz has been taken 133 times
  • The average score is 18 of 29
Answers on the Grid
Answers color-coded by a green-red scale on the quiz's grid according to % correct below.
Cairo
Qom
Istanbul
Nizhnevartovsk
Bandar Abbas
Birthplace of Buddha
Persepolis
Zagros Mountains
Kermanshah
Caspian sea shore
Kettering
Qasemi Bathhouse
Shiraz
Tirana
Hildesheim
Tomb of Cyrus
Bourbonnais
Persian Gate battlefield
San Agustin
Hughes Springs
Mount Damavand
Tabriz
Césarches
Gorzów Wielkopolski
Pinatubo
Republic of Mordovia
Ingushetia
Mashhad
Kurdistan
Saint-Dié
Pasargadae
Heathfield Avenue
Land below sea level
Tehran
Susa
Khuzestan
River Tigris
Esfahan
Taintrux
Bashkortostan
Golestan Palace
Tashkent
Nasir-ol-Molk Mosque
West Azerbaijan
Lombard Street
Ahvaz
Dasht-e Lut desert
Casa Batlló
Karaj
Pride Park
Tureng Tepe
Yazd
Ko Lan
Soi Cowboy
 
Answer Stats
Answer % Correct
Qom
85%
Shiraz
85%
Tehran
85%
Tabriz
82%
Mashhad
79%
Esfahan
78%
Persepolis
77%
Ahvaz
72%
Yazd
72%
Caspian sea shore
71%
Kermanshah
69%
Persian Gate battlefield
69%
Zagros Mountains
67%
Tomb of Cyrus
65%
Qasemi Bathhouse
63%
Bandar Abbas
61%
Karaj
60%
Kurdistan
60%
Khuzestan
59%
Asia'a highest volcano Mount Damavand
59%
Tehran Golestan Palace
54%
Dasht-e Lut desert
50%
West Azerbaijan
50%
Shiraz Nasir-ol-Molk Mosque
44%
Pasargadae
44%
Land below sea level
36%
Susa
35%
River Tigris
29%
Tureng Tepe
10%
No matching quizzes found
Score Distribution
Percent of People with Each Score
Percentile by Number Answered
Your Score History
You have not taken this quiz